[Event "Belgrade-chT Quality"]
[Site "Belgrade"]
[Date "2009.10.30"]
[Round "8"]
[White "Velimir, Velimir"]
[Black "Petric, Marko"]
[Result "0-1"]
[WhiteElo "2063"]
[BlackElo "2118"]
[PlyCount "62"]
[EventDate "2009.10.11"]
[EventType "team-tourn"]
[EventRounds "11"]
[EventCountry "YUG"]
[SourceTitle "CBM 133 Extra"]
[Source "ChessBase"]
[SourceDate "2010.01.05"]
[SourceVersion "1"]
[SourceVersionDate "2010.01.05"]
[SourceQuality "1"]

1. f4 Nf6 2. Nf3 d5 3. e3 Bg4 4. h3 Bxf3 5. Qxf3 Nc6 6. Bb5 Qd6 7. c3 a6 8. Ba4 b5 9. Bc2 e5 10. fxe5 Nxe5 11. Qd1 Be7 12. 0-0 0-0 13. d4 Ng6 14. Nd2 Rad8 15. e4 dxe4 16. Nxe4 Nxe4 17. Bxe4 c5 18. d5 Qe5 19. Qf3 Bd6 20. Qf5 Qh2+ 21. Kf2 Rde8 22. Be3 Re5 23. Qf3 f5 24. Bd3 Nh4 25. Bf4 Nxf3 26. Bxh2 Nxh2 27. Rfd1 c4 28. Bc2 Rfe8 29. Rd2 g5 30. Rh1 g4 31. Rb1 g3+ 0-1

[Event "Belgrade-chT Quality"]
[Site "Belgrade"]
[Date "2009.10.25"]
[Round "5"]
[White "Dinic, Goran"]
[Black "Velimir, Velimir"]
[Result "1-0"]
[WhiteElo "2194"]
[BlackElo "2063"]
[PlyCount "94"]
[EventDate "2009.10.11"]
[EventType "team-tourn"]
[EventRounds "11"]
[EventCountry "YUG"]
[SourceTitle "CBM 133 Extra"]
[Source "ChessBase"]
[SourceDate "2010.01.05"]
[SourceVersion "1"]
[SourceVersionDate "2010.01.05"]
[SourceQuality "1"]

1. Nf3 c5 2. c4 g6 3. d4 cxd4 4. Nxd4 Bg7 5. e4 Nc6 6. Be3 Nf6 7. Nc3 Ng4 8. Qxg4 Nxd4 9. Qd1 Ne6 10. Qd2 Qa5 11. Rc1 g5 12. b3 b6 13. Be2 Bb7 14. Nd5 Qxd2+ 15. Kxd2 d6 16. h4 h6 17. hxg5 hxg5 18. Rxh8+ Bxh8 19. Rh1 Be5 20. Rh7 Nf8 21. Rh5 Bxd5 22. exd5 f6 23. Kc2 Kf7 24. Bd3 Kg7 25. g3 Ng6 26. b4 Rc8 27. Kb3 Rc7 28. a4 e6 29. f4 gxf4 30. gxf4 exd5 31. fxe5 dxc4+ 32. Bxc4 Nxe5 33. Bd5 Kg6 34. Rh1 Ng4 35. Bf4 f5 36. Re1 Ne5 37. Rg1+ Ng4 38. Rd1 Ne5 39. Be6 Nf7 40. Bxf7+ Rxf7 41. Rxd6+ Kh5 42. Kc4 Kg4 43. Rd4 Kf3 44. Kb5 Rh7 45. Ka6 Re7 46. Bb8 Re4 47. Rxe4 fxe4 1-0

[Event "Belgrade-chT Quality"]
[Site "Belgrade"]
[Date "2009.10.11"]
[Round "1"]
[White "Tomic, Kosta"]
[Black "Velimir, Velimir"]
[Result "1/2-1/2"]
[WhiteElo "2116"]
[BlackElo "2063"]
[PlyCount "33"]
[EventDate "2009.10.11"]
[EventType "team-tourn"]
[EventRounds "11"]
[EventCountry "YUG"]
[SourceTitle "CBM 133 Extra"]
[Source "ChessBase"]
[SourceDate "2010.01.05"]
[SourceVersion "1"]
[SourceVersionDate "2010.01.05"]
[SourceQuality "1"]

1. d4 c5 2. Nf3 cxd4 3. Nxd4 d5 4. e4 dxe4 5. Bb5+ Bd7 6. 0-0 e5 7. Bxd7+ Qxd7 8. Nb3 Qxd1 9. Rxd1 Nc6 10. Nc3 Nb4 11. Bg5 f6 12. Bh4 g5 13. Bg3 h5 14. h4 e3 15. hxg5 h4 16. Bh2 exf2+ 17. Kxf2 1/2-1/2